000 00894nam a2200265 a 4500
999 _c4858
_d4858
001 4858
003 BD-JhCC
005 20220731134023.0
008 171204s2007 b ||||| |||| 00| 0 b d
020 _a9840745727
035 _a(BD-JhCC)
040 _aBD-JhCC
_dBD-JhCC
041 _aben
082 _a297.41
_bHAL 2007
100 _aডব্লিউ. এইচ. টি গার্ডনার
245 _aআলোর উৎস /
_cডব্লিউ. এইচ. টি গার্ডনার :ইমাম আল-গিযালি
260 _aঢাকা :
_bবাংলা একাডেমী,
_c২০০৭
300 _a150p. :
_c22cm.
600 _aIslam
650 _aSufism
_xDoctring
700 _aডব্লিউ. এইচ. টি গার্ডনার
700 _aআল-গিযালি, ইমাম
942 _2ddc
_cBK
_02